Poiesis e Praxis (Record no. 60818)
[ view plain ]
| 000 -LEADER | |
|---|---|
| fixed length control field | 00293nam a22001337a 4500 |
| 008 - FIXED-LENGTH DATA ELEMENTS--GENERAL INFORMATION | |
| fixed length control field | 260218b ||||| |||| 00| 0 eng d |
| 020 ## - INTERNATIONAL STANDARD BOOK NUMBER | |
| International Standard Book Number | 9951051049 |
| 041 ## - LANGUAGE CODE | |
| Language code of text/sound track or separate title | Shqip |
| 080 ## - UNIVERSAL DECIMAL CLASSIFICATION NUMBER | |
| Universal Decimal Classification number | 2.1 |
| 100 ## - Rafti | |
| Rafti | 20.1 |
| 101 ## - Shkurtesa | |
| Shkurtesa | roman |
| 245 ## - TITLE STATEMENT | |
| Title | Poiesis e Praxis |
| Statement of responsibility, etc | Ramush Mavriqi |
| 942 ## - ADDED ENTRY ELEMENTS (KOHA) | |
| Source of classification or shelving scheme | |
| Item type | Books |
| Withdrawn status | Lost status | Source of classification or shelving scheme | Damaged status | Not for loan | Collection code | Permanent location | Current location | Date acquired | Total Checkouts | Barcode | Date last seen | Price effective from | Koha item type |
|---|---|---|---|---|---|---|---|---|---|---|---|---|---|
| Koleksioni i përgjithshem | UBT - Lipjan | UBT - Lipjan | 02/18/2026 | 002-800070999488 | 02/18/2026 | 02/18/2026 | Books | ||||||
| Koleksioni i përgjithshem | UBT - Lipjan | UBT - Lipjan | 02/18/2026 | 002-800070999494 | 02/18/2026 | 02/18/2026 | Books | ||||||
| Koleksioni i përgjithshem | UBT - Lipjan | UBT - Lipjan | 02/18/2026 | 002-800070999495 | 02/18/2026 | 02/18/2026 | Books | ||||||
| Koleksioni i përgjithshem | UBT - Lipjan | UBT - Lipjan | 02/20/2026 | 002-800070999548 | 02/20/2026 | 02/20/2026 | Books | ||||||
| Koleksioni i përgjithshem | UBT - Lipjan | UBT - Lipjan | 02/20/2026 | 002-800070999549 | 02/20/2026 | 02/20/2026 | Books | ||||||
| Koleksioni i përgjithshem | UBT - Lipjan | UBT - Lipjan | 02/20/2026 | 002-800070999550 | 02/20/2026 | 02/20/2026 | Books | ||||||
| Koleksioni i përgjithshem | UBT - Lipjan | UBT - Lipjan | 02/20/2026 | 002-800070999551 | 02/20/2026 | 02/20/2026 | Books | ||||||
| Koleksioni i përgjithshem | UBT - Lipjan | UBT - Lipjan | 02/26/2026 | 002-800070999357 | 02/26/2026 | 02/26/2026 | Books |